000
00233nam a2200097Ia 4500
008
230915s9999 xx 000 0 und d
050
_a
HF5718.B68
100
_a
CORTLAND L. BOVEE
245
0
_a
BUSINESS COMMUNICATION TODAY
942
_c
BK
999
_c
84773
_d
84773